000 00789nam a2200217Ia 4500
005 20241129105850.0
008 241129s9999||||xx |||||||||||||| ||und||
037 _aTB
040 _aARTS
_bpun
_cARTS
041 _apun
_2eng
084 _aO111,6M63x 153R1
_qARTS
100 _aਉਕਾਕੁਰਾ, ਕਾਕੁਜ਼ੋ, ਚ।
_9159397
245 0 _aਦਅ ਬੁੱਕ ਅਵ ਟੀ
_cਉਕਾਕੁਰਾ, ਕਾਕੁਜ਼ੋ, ਚ।
260 _aਦਿੱਲੀ, ਭਾਰਤ
_bਦਿੱਲੀ ਰਥਿਕ ਫ਼ਾਉਡੇਸ਼ਨ ਭਾਰਤ
_c2020
300 _a123ਪ੍ਰ0
365 _aINR
_b245
546 _aTranslated from English to Punjabi.
650 _aEnglish Prose
_9723257
942 _cTB
_hO111,6M63x 153R1
999 _c1226349
_d1226349